| 000 | 01700nam0a2200337 4500 | ||
|---|---|---|---|
| 001 | RU\NLR\BIBL_A\010347599 | ||
| 005 | 20140707170615.0 | ||
| 010 |
_a978-5-88422-541-1 _9300 |
||
| 021 |
_aRU _b2014-78921 _94823 |
||
| 035 | _a(NLR Aleph) 010347599 | ||
| 090 |
_a10731614 _c10731614 |
||
| 100 | _a20140425d2014 km y0rusy50 ca | ||
| 101 | 0 | _arus | |
| 102 | _aRU | ||
| 105 | _aac||7|||001yy | ||
| 200 | 1 |
_aПитербаскет и здоровье человека _fНесмеянов А.А., Хадарцев А.А., Кожемов А.А. _gпод общ. ред. А.А. Хадарцева _gЕвроп. акад. естествен. наук (ЕАЕН) |
|
| 210 |
_aТула _cТульский полиграфист _d2014 |
||
| 215 |
_a213 с. _cил., портр. _d21 |
||
| 300 | _aНа обороте тит. л. авт.: Несмеянов А.А., Хадарцев А.А., академики ЕАЕН, доктора мед. наук, проффесора , Кожемов А.А., к.п.н., доц. | ||
| 316 |
_aС автогр. авторов _5NLR |
||
| 320 | _aБиблиогр.: с. 201-208 (114 назв.) | ||
| 606 | 1 |
_aПитербаскет _2nlr_sh2 _3RU\NLR\AUTH\6601551620 |
|
| 686 | 1 | _aЧ515.66 | |
| 700 | 1 |
_aНесмеянов _bА. А. _f1945- _gАнатолий Александрович _3RU\NLR\AUTH\770294029 _4070 |
|
| 701 | 1 |
_aХадарцев _bА. А. _f1943- _gАлександр Агубечирович _3RU\NLR\AUTH\7727329 |
|
| 701 | 1 |
_aКожемов _bА. А. _gАслан Аскерханович |
|
| 942 | _cBOOK | ||
| 980 | _aNBR | ||
| 980 | _aNB | ||